000 02215cam a22004934i 4500
003 PE-LiUPU
005 20250731165446.0
008 150617s r 000 0 d
035 _a(Sirsi) a18852
035 _a(Sirsi) a18852
040 _aPE-LiUPU
_bspa
_cPE-LiUPU
_erda
049 _aPRUA
082 0 4 _a109
_bM26
_221
100 1 _aMarías, Julián,
_d1914-2005,
_eautor.
245 1 0 _aSan Anselmo y el insensato.
_n4,
_pensayos de teoría,
_pel intelectual y su mundo.
264 1 _aMadrid :
_bRevista de Occidente,
_c1982.
300 _a582 páginas ;
_c22 cm
336 _atext
_2rdacontent
337 _aunmediated
_2rdamedia
338 _avolume
_2rdacarrier
505 0 _aSobre la cuestión de Dios -- El hombre y la historia -- El puesto del padre Gratry en la historia de la filosofía -- El punto de vista histórico en la filosofía de Gratry -- La historia del problema de Dios -- Ontología de la persona -- Lógica -- Cinco aventuras interiores -- El problema de Dios -- Los géneros literarios en filosofía -- La vida humana y su estructuras empírica -- La psiquiatría vista desde la filosofía -- La felicidad humana -- La razón en la filosofía actual -- El descubrimiento de los objetos matemáticos en la filosofía griega -- El saber histórico en Herodoto -- El intelectual y su mundo.
526 _aSEG44
526 _aSEG26
526 _aP151
526 _aP150
526 _aP149
526 _aP146
526 _aP145
526 _aP126
526 _aP125
526 _aP92
526 _aP75
526 _aP74
526 _aP27
526 _aP15
650 0 4 _aFilosofía.
910 _ajck
_bjvq
_cjck
_d20150616
942 _2ddc
_cBOOK
949 _a109 M26 4
_wDEWEY
_c1
_i33808
_lRC
_mBUL
_r0
_sY
_tBOOK
_u2015-6-17
_xBIBLIOTECA
_zUNKNOWN
_0COMPRA
_o.CIRCNOTE. No olvidar cambiar la fecha de devolución!!!!!!!
_o.STAFF. Colección General
994 _aC0
_bPEPRU
596 _a1
999 _a109 M26 4
_wDEWEY
_c18590
_i33808
_f2021-11-8
_g5
_lRCG
_mBUL
_r1
_sY
_tBOOK
_u2015-6-17
_xBIBLIOTECA
_zUNKNOWN
_0COMPRA
_o.CIRCNOTE. No olvidar cambiar la fecha de devolución!!!!!!!
_o.STAFF. Colección General
_d18590
980 _81
_gALBERTO SANCHEZ Responsable de Automatización